000
00355nam a2200145Ia 4500
008
191206s9999 xx 000 0 und d
020
_a
0722517319 :
090
_a
RC662
245
0
_a
Diets to help diabetes
250
_a
New rev. format ed.
260
_a
Thorsons Pub. Group
260
_c
c1988
300
_a
64 p. ; 20 cm.
999
_c
15818
_d
15818